000 00648nam a2200205Ii 4500
001 2508
003 CO-ViMGA
008 241108s9999||||xx |||||||||||||| ||und||
040 _aCO-ViMGA
_bspa
_erda
_cCO-ViMGA
041 0 _aspa
082 0 4 _a102 N347i
100 1 _aCarmenza Neira Fernández
_945558
245 1 0 _aFilosofía 11º:
_bBachillerato por radio
264 1 _aBogotá, Colombia : Editorial Presencia Ltda, [Fecha de publicación no identificada]
300 _avolumen
336 _atext
_btxt
_2rdacontent
337 _aunmediated
_bn
_2rdamedia
338 _avolume
_bnc
_2rdacarrier
940 _aidficha_siabuc: 2454. -- ficha_no_siabuc:2508
999 _c40082
_d40082